[Event "North American-ch U10"]
[Site "Montreal"]
[Date "2010.08.18"]
[Round "6"]
[White "Vaillant, Charles Etienne"]
[Black "Satir, Ege Nur"]
[Result "0-1"]
[WhiteElo "1097"]
[BlackElo "1108"]
[PlyCount "85"]
[EventDate "2010.08.16"]
[EventType "swiss"]
[EventRounds "7"]
[EventCountry "CAN"]
[SourceTitle "EXT 2013"]
[Source "ChessBase"]
[SourceDate "2012.11.22"]
[SourceVersion "1"]
[SourceVersionDate "2012.11.22"]
[SourceQuality "1"]

1. e4 e5 2. Nf3 Nc6 3. d4 exd4 4. Bc4 h6 5. Nxd4 Nxd4 6. Qxd4 d6 7. Nc3 a6 8. b3 Be6 9. Bd3 Nf6 10. Bb2 Be7 11. 0-0-0 0-0 12. Na4 Bd7 13. Kb1 Bxa4 14. Qxa4 Nd7 15. Rhe1 Bf6 16. c3 Re8 17. b4 g6 18. Bc4 b5 19. Bxf7+ Kxf7 20. Qb3+ Kf8 21. Bc1 Kg7 22. Qc2 Rf8 23. Qd2 Bg5 24. Qd4+ Qf6 25. Bxg5 Qxd4 26. Rxd4 hxg5 27. f3 a5 28. Red1 axb4 29. Rxb4 Ra5 30. Rd5 c5 31. Rb2 Kh6 32. Rxd6 Rf7 33. Re2 Re7 34. Red2 Ne5 35. R6d5 Nc4 36. Rf2 Na3+ 37. Kc1 c4 38. e5 Ra4 39. g3 b4 40. Re2 bxc3 41. e6 Raa7 42. Ree5 Rab7 43. Re2 0-1